000 00329nam a2200145Ia 4500
999 _c14178
_d14178
003 OSt
005 20260413124406.0
008 260210s9999 xx 000 0 und d
020 _a9788181820371
082 _a711.40934
100 _aKaushik
245 0 _aAncient Indian Town Planning
260 _bCircle
942 _cBPLAN
_2ddc